Catholic University of Zimbabwe Library
Online Public Access Catalogue
(OPAC)

Searching for sharing (Record no. 29211)

MARC details
000 -LEADER
fixed length control field 04508nam a2200541 i 4500
001 - CONTROL NUMBER
control field xb24648966
006 - FIXED-LENGTH DATA ELEMENTS--ADDITIONAL MATERIAL CHARACTERISTICS
fixed length control field m d
007 - PHYSICAL DESCRIPTION FIXED FIELD--GENERAL INFORMATION
fixed length control field cr n
008 - FIXED-LENGTH DATA ELEMENTS--GENERAL INFORMATION
fixed length control field 170518t20172017enka sb 000 0 eng d
020 ## - INTERNATIONAL STANDARD BOOK NUMBER
International Standard Book Number 9781783743209
Qualifying information (pdf)
020 ## - INTERNATIONAL STANDARD BOOK NUMBER
International Standard Book Number 9781783743216
Qualifying information (epub)
020 ## - INTERNATIONAL STANDARD BOOK NUMBER
International Standard Book Number 9781783743223
Qualifying information (mobi)
020 ## - INTERNATIONAL STANDARD BOOK NUMBER
Canceled/invalid ISBN 9781783743186 (Paperback)
020 ## - INTERNATIONAL STANDARD BOOK NUMBER
Canceled/invalid ISBN 9781783743193 (Hardback)
022 ## - INTERNATIONAL STANDARD SERIAL NUMBER
International Standard Serial Number 2054-362X (Online)
022 ## - INTERNATIONAL STANDARD SERIAL NUMBER
Canceled ISSN 2050-7933 (Print)
035 ## - SYSTEM CONTROL NUMBER
System control number (OCoLC)993391021
040 ## - CATALOGING SOURCE
Original cataloging agency StSaUL
Language of cataloging eng
Description conventions rda
043 ## - GEOGRAPHIC AREA CODE
Geographic area code f------
245 00 - TITLE STATEMENT
Title Searching for sharing
Medium [electronic resource] :
Remainder of title heritage and multimedia in Africa /
Statement of responsibility, etc. edited by Daniela Merolla and Mark Turin.
264 #1 - PRODUCTION, PUBLICATION, DISTRIBUTION, MANUFACTURE, AND COPYRIGHT NOTICE
Name of producer, publisher, distributor, manufacturer Open Book Publishers,
300 ## - PHYSICAL DESCRIPTION
Extent 1 online resource (158 pages) :
Other physical details 4 colour illustrations.
490 1# - SERIES STATEMENT
Series statement World oral literature series
International Standard Serial Number 2054-362X ;
Volume/sequential designation vol. 7
500 ## - GENERAL NOTE
General note Available through Open Book Publishers.
504 ## - BIBLIOGRAPHY, ETC. NOTE
Bibliography, etc. note Includes bibliographical references.
505 0# - FORMATTED CONTENTS NOTE
Formatted contents note Notes on Contributors -- Introduction / Daniela Merolla -- 1. The Mara Cultural Heritage Digital Library: The Implications of the Digital Return of Oral Tradition / Jan Bender Shetler -- 2. Technauriture as a Platform to Create an Inclusive Environment for the Sharing of Research / Russell H. Kaschula -- 3. From Restitution to Redistribution of Ewe Heritage: Challenges and Prospects / Kofi Dorvlo -- 4. YouTube in Academic Teaching: A Multimedia Documentation of Siramori Diabaté's Song "Nanyuman" / Brahima Camara, Graeme Counsel and Jan Jansen -- 5. New Electronic Resources for Texts in Manding Languages Valentin Vydrin -- 6. Questioning "Restitution": Oral Literature in Madagascar Brigitte Rasoloniaina and Andriamanivohasina Rakotomalala -- Afterword: Sharing Located / Mark Turin.
506 ## - RESTRICTIONS ON ACCESS NOTE
Terms governing access Open access resource providing free access.
520 ## - SUMMARY, ETC.
Summary, etc. "In a world where new technologies are being developed at a dizzying pace, how can we best approach oral genres that represent heritage? Taking an innovative and interdisciplinary approach, this volume explores the idea of sharing as a model to construct and disseminate the knowledge of literary heritage with the people who are represented by and in it. Expert contributors interweave sociological analysis with an appraisal of the transformative impact of technology on literary and cultural production. Does technology restrict, constraining the experience of an oral performance, or does it afford new openings for different aesthetic experiences? Topics explored include the Mara Cultural Heritage Digital Library, the preservation of Ewe heritage material, new eresources for texts in Manding languages, and the possibilities of technauriture. This timely and necessary collection also examines to what extent digital documents can be and have been institutionalised in archives and museums, how digital heritage can remain free from co-option by hegemonic groups, and the roles that exist for community voices. A valuable contribution to a fast-developing field, this book is required reading for scholars and students in the fields of heritage, anthropology, linguistics, history and the emerging disciplines of multi-media documentation and analysis, as well as those working in the field of literature, folklore, and African studies. It is also important reading for museum and archive curators."--Publisher's website.
538 ## - SYSTEM DETAILS NOTE
System details note Mode of access: World Wide Web.
540 ## - TERMS GOVERNING USE AND REPRODUCTION NOTE
Terms governing use and reproduction This work is licensed under a Creative Commons Attribution 4.0 International license (CC BY 4.0). For more detailed information consult the publisher's website.
650 #0 - SUBJECT ADDED ENTRY--TOPICAL TERM
Topical term or geographic name entry element Cultural property
General subdivision Data processing.
650 #0 - SUBJECT ADDED ENTRY--TOPICAL TERM
Topical term or geographic name entry element Digital preservation
General subdivision Social aspects.
650 #0 - SUBJECT ADDED ENTRY--TOPICAL TERM
Topical term or geographic name entry element Folk literature
General subdivision Interactive multimedia.
650 #0 - SUBJECT ADDED ENTRY--TOPICAL TERM
Topical term or geographic name entry element Folk literature
Geographic subdivision Africa.
650 #0 - SUBJECT ADDED ENTRY--TOPICAL TERM
Topical term or geographic name entry element Interactive multimedia
General subdivision Social aspects.
650 #0 - SUBJECT ADDED ENTRY--TOPICAL TERM
Topical term or geographic name entry element Oral tradition
General subdivision Interactive multimedia.
650 #0 - SUBJECT ADDED ENTRY--TOPICAL TERM
Topical term or geographic name entry element Oral tradition
Geographic subdivision Africa.
700 1# - ADDED ENTRY--PERSONAL NAME
Personal name Merolla, Daniela,
Relator term editor.
700 1# - ADDED ENTRY--PERSONAL NAME
Personal name Turin, Mark,
Relator term editor.
710 2# - ADDED ENTRY--CORPORATE NAME
Corporate name or jurisdiction name as entry element Open Book Publishers,
Relator term publisher.
830 #0 - SERIES ADDED ENTRY--UNIFORM TITLE
Uniform title World oral literature series ;
Volume/sequential designation v. 7.
International Standard Serial Number 2054-362X
856 40 - ELECTRONIC LOCATION AND ACCESS
Uniform Resource Identifier <a href="http://doi.org/10.11647/OBP.0111">http://doi.org/10.11647/OBP.0111</a>
Public note Connect to e-book
856 42 - ELECTRONIC LOCATION AND ACCESS
Uniform Resource Identifier <a href="http://www.openbookpublishers.com/shopimages/products/cover/590 ">http://www.openbookpublishers.com/shopimages/products/cover/590 </a>
Public note Connect to cover image
Holdings
Withdrawn status Lost status Source of classification or shelving scheme Damaged status Not for loan Home library Current library Shelving location Date acquired Total Checkouts Date last seen Uniform Resource Identifier Price effective from Koha item type
          Digital Library Digital Library Online Access 15.02.2021   15.02.2021 http://doi.org/10.11647/OBP.0111 15.02.2021 eBook

OPENING HOURS

Weekdays: 0815hrs - 1800hrs
Weekends:0900hrs - 1200hrs

Closed for Mass:

Mon, Thur: 1200hrs - 1300hrs
Sunday & Public Holiday’s

CALL SUPPORT

0242-570570, 0242-570169
09200664, +263 8644140602

LOCATION

18443, Cranborne Avenue, Hatfield, Harare

Other Links


©2021 | CUZ Library